Every Real Madrid starting XI in 2023/2024 - Statistics

General Stats
  • This quiz has been taken 22 times
  • The average score is 359 of 418
Answer Stats
Hint Answer % Correct
Cadiz (H) GK Thibaut Courtois
100%
Granada (A) GK Thibaut Courtois
100%
Alaves (H) GK Thibaut Courtois
100%
Real Betis (H) GK Thibaut Courtois
100%
Athletic Bilbao (A) GK Andriy Lunin
95%
Almeria (A) GK Andriy Lunin
95%
Valencia (H) GK Andriy Lunin
95%
Cadiz (A) GK Andriy Lunin
95%
Granada (H) GK Andriy Lunin
95%
Real Betis (A) GK Andriy Lunin
95%
Villarreal (H) GK Andriy Lunin
95%
Mallorca (H) GK Andriy Lunin
95%
Getafe (A) GK Andriy Lunin
95%
Las Palmas (A) GK Andriy Lunin
95%
Atletico Madrid (H) GK Andriy Lunin
95%
Girona (H) GK Andriy Lunin
95%
Rayo (A) GK Andriy Lunin
95%
Sevilla (H) GK Andriy Lunin
95%
Valencia (A) GK Andriy Lunin
95%
Celta Vigo (H) GK Andriy Lunin
95%
Osasuna (A) GK Andriy Lunin
95%
Athletic Club (H) GK Andriy Lunin
95%
Mallorca (A) GK Andriy Lunin
95%
Barcelona (H) GK Andriy Lunin
95%
Villarreal (A) GK Andriy Lunin
95%
Almeria (A) CM Toni Kroos
95%
Real Sociedad (H) CM Toni Kroos
95%
Atletico Madrid (A) CM Toni Kroos
95%
Girona (A) CM Toni Kroos
95%
Sevilla (A) CM Toni Kroos
95%
Barcelona (A) CM Toni Kroos
95%
Valencia (H) CM Toni Kroos
95%
Cadiz (A) CM Toni Kroos
95%
Granada (H) CM Toni Kroos
95%
Real Betis (A) CM Toni Kroos
95%
Villarreal (H) CM Toni Kroos
95%
Alaves (A) CM Toni Kroos
95%
Mallorca (H) CM Toni Kroos
95%
Almeria (H) CM Toni Kroos
95%
Las Palmas (A) CM Toni Kroos
95%
Atletico Madrid (H) CM Toni Kroos
95%
Girona (H) CM Toni Kroos
95%
Sevilla (H) CM Toni Kroos
95%
Valencia (A) CM Toni Kroos
95%
Osasuna (A) CM Toni Kroos
95%
Athletic Club (H) CM Toni Kroos
95%
Mallorca (A) CM Toni Kroos
95%
Barcelona (H) CM Toni Kroos
95%
Alaves (H) CM Toni Kroos
95%
Real Betis (H) CM Toni Kroos
95%
Celta Vigo (A) ST Vinicius Junior
95%
Girona (A) ST Vinicius Junior
95%
Osasuna (H) ST Vinicius Junior
95%
Sevilla (A) ST Vinicius Junior
95%
Barcelona (A) ST Vinicius Junior
95%
Rayo (H) ST Vinicius Junior
95%
Valencia (H) ST Vinicius Junior
95%
Mallorca (H) ST Vinicius Junior
95%
Getafe (A) LW Vinicius Junior
95%
Almeria (H) ST Vinicius Junior
95%
Las Palmas (A) ST Vinicius Junior
95%
Girona (H) ST Vinicius Junior
95%
Rayo (A) LW Vinicius Junior
95%
Sevilla (H) LW Vinicius Junior
95%
Valencia (A) ST Vinicius Junior
95%
Celta Vigo (H) ST Vinicius Junior
95%
Osasuna (A) ST Vinicius Junior
95%
Barcelona (H) ST Vinicius Junior
95%
Alaves (H) ST Vinicius Junior
95%
Real Betis (H) ST Vinicius Junior
95%
Almeria (A) CB Antonio Rüdiger
89%
Celta Vigo (A) CB Antonio Rüdiger
89%
Getafe (H) CB Antonio Rüdiger
89%
Real Sociedad (H) CB Antonio Rüdiger
89%
Atletico Madrid (A) CB Antonio Rüdiger
89%
Las Palmas (H) CB Antonio Rüdiger
89%
Girona (A) CB Antonio Rüdiger
89%
Osasuna (H) CB Antonio Rüdiger
89%
Sevilla (A) CB Antonio Rüdiger
89%
Barcelona (A) CB Antonio Rüdiger
89%
Rayo (H) CB Antonio Rüdiger
89%
Cadiz (A) CB Antonio Rüdiger
89%
Granada (H) CB Antonio Rüdiger
89%
Real Betis (A) CB Antonio Rüdiger
89%
Villarreal (H) CB Antonio Rüdiger
89%
Alaves (A) CB Antonio Rüdiger
89%
Mallorca (H) CB Antonio Rüdiger
89%
Getafe (A) CB Antonio Rüdiger
89%
Almeria (H) CB Antonio Rüdiger
89%
Las Palmas (A) CB Antonio Rüdiger
89%
Sevilla (H) CB Antonio Rüdiger
89%
Valencia (A) CB Antonio Rüdiger
89%
Celta Vigo (H) CB Antonio Rüdiger
89%
Osasuna (A) CB Antonio Rüdiger
89%
Athletic Club (H) CB Antonio Rüdiger
89%
Mallorca (A) CB Antonio Rüdiger
89%
Barcelona (H) CB Antonio Rüdiger
89%
Granada (A) CB Antonio Rüdiger
89%
Villarreal (A) CB Antonio Rüdiger
89%
Real Betis (H) CB Antonio Rüdiger
89%
Athletic Bilbao (A) CDM Aurelien Tchouameni
89%
Almeria (A) CDM Aurelien Tchouameni
89%
Celta Vigo (A) CDM Aurelien Tchouameni
89%
Getafe (H) CDM Aurelien Tchouameni
89%
Real Sociedad (H) CDM Aurelien Tchouameni
89%
Las Palmas (H) CDM Aurelien Tchouameni
89%
Girona (A) CDM Aurelien Tchouameni
89%
Osasuna (H) CB Aurelien Tchouameni
89%
Sevilla (A) CDM Aurelien Tchouameni
89%
Barcelona (A) CDM Aurelien Tchouameni
89%
Mallorca (H) CB Aurelien Tchouameni
89%
Getafe (A) CM Aurelien Tchouameni
89%
Almeria (H) CDM Aurelien Tchouameni
89%
Girona (H) CB Aurelien Tchouameni
89%
Rayo (A) CB Aurelien Tchouameni
89%
Sevilla (H) CM Aurelien Tchouameni
89%
Valencia (A) CB Aurelien Tchouameni
89%
Osasuna (A) CB Aurelien Tchouameni
89%
Athletic Club (H) CDM Aurelien Tchouameni
89%
Mallorca (A) CM Aurelien Tchouameni
89%
Barcelona (H) CB Aurelien Tchouameni
89%
Real Sociedad (A) CM Aurelien Tchouameni
89%
Athletic Bilbao (A) RB Dani Carvajal
89%
Almeria (A) RB Dani Carvajal
89%
Celta Vigo (A) RB Dani Carvajal
89%
Getafe (H) RB Dani Carvajal
89%
Real Sociedad (H) RB Dani Carvajal
89%
Girona (A) RB Dani Carvajal
89%
Osasuna (H) RB Dani Carvajal
89%
Sevilla (A) RB Dani Carvajal
89%
Barcelona (A) RB Dani Carvajal
89%
Rayo (H) RB Dani Carvajal
89%
Valencia (H) RB Dani Carvajal
89%
Cadiz (A) RB Dani Carvajal
89%
Granada (H) RB Dani Carvajal
89%
Mallorca (H) RB Dani Carvajal
89%
Almeria (H) RB Dani Carvajal
89%
Las Palmas (A) RB Dani Carvajal
89%
Girona (H) CB Dani Carvajal
89%
Valencia (A) RB Dani Carvajal
89%
Osasuna (A) RB Dani Carvajal
89%
Athletic Club (H) RB Dani Carvajal
89%
Real Sociedad (A) RB Dani Carvajal
89%
Cadiz (H) RB Dani Carvajal
89%
Alaves (H) RB Dani Carvajal
89%
Real Betis (H) RB Dani Carvajal
89%
Atletico Madrid (H) CB Daniel Carvajal
89%
Athletic Bilbao (A) CB David Alaba
89%
Almeria (A) CB David Alaba
89%
Celta Vigo (A) CB David Alaba
89%
Getafe (H) CB David Alaba
89%
Real Sociedad (H) CB David Alaba
89%
Atletico Madrid (A) CB David Alaba
89%
Las Palmas (H) CB David Alaba
89%
Sevilla (A) CB David Alaba
89%
Barcelona (A) CB David Alaba
89%
Rayo (H) CB David Alaba
89%
Valencia (H) CB David Alaba
89%
Granada (H) CB David Alaba
89%
Real Betis (A) CB David Alaba
89%
Villarreal (H) CB David Alaba
89%
Athletic Bilbao (A) CM Eduardo Camavinga
89%
Celta Vigo (A) CM Eduardo Camavinga
89%
Getafe (H) CM Eduardo Camavinga
89%
Atletico Madrid (A) CM Eduardo Camavinga
89%
Las Palmas (H) CM Eduardo Camavinga
89%
Girona (A) LB Eduardo Camavinga
89%
Osasuna (H) CM Eduardo Camavinga
89%
Rayo (H) CDM Eduardo Camavinga
89%
Valencia (H) CDM Eduardo Camavinga
89%
Las Palmas (A) CDM Eduardo Camavinga
89%
Atletico Madrid (H) CM Eduardo Camavinga
89%
Girona (H) CM Eduardo Camavinga
89%
Rayo (A) CM Eduardo Camavinga
89%
Valencia (A) CM Eduardo Camavinga
89%
Celta Vigo (H) CDM Eduardo Camavinga
89%
Osasuna (A) CDM Eduardo Camavinga
89%
Barcelona (H) LB Eduardo Camavinga
89%
Cadiz (H) CM Eduardo Camavinga
89%
Granada (A) CDM Eduardo Camavinga
89%
Alaves (H) CM Eduardo Camavinga
89%
Real Betis (H) CM Eduardo Camavinga
89%
Las Palmas (H) LB Ferland Mendy
89%
Osasuna (H) LB Ferland Mendy
89%
Sevilla (A) LB Ferland Mendy
89%
Barcelona (A) LB Ferland Mendy
89%
Valencia (H) LB Ferland Mendy
89%
Cadiz (A) LB Ferland Mendy
89%
Granada (H) LB Ferland Mendy
89%
Real Betis (A) LB Ferland Mendy
89%
Villarreal (H) LB Ferland Mendy
89%
Getafe (A) LB Ferland Mendy
89%
Almeria (H) LB Ferland Mendy
89%
Atletico Madrid (H) LB Ferland Mendy
89%
Girona (H) LB Ferland Mendy
89%
Sevilla (H) LB Ferland Mendy
89%
Valencia (A) LB Ferland Mendy
89%
Celta Vigo (H) LB Ferland Mendy
89%
Osasuna (A) LB Ferland Mendy
89%
Athletic Club (H) LB Ferland Mendy
89%
Mallorca (A) LB Ferland Mendy
89%
Alaves (H) LB Ferland Mendy
89%
Real Betis (H) LB Ferland Mendy
89%
Athletic Bilbao (A) CAM Jude Bellingham
89%
Almeria (A) CAM Jude Bellingham
89%
Celta Vigo (A) CAM Jude Bellingham
89%
Getafe (H) CAM Jude Bellingham
89%
Real Sociedad (H) CAM Jude Bellingham
89%
Atletico Madrid (A) ST Jude Bellingham
89%
Girona (A) CAM Jude Bellingham
89%
Osasuna (H) CM Jude Bellingham
89%
Sevilla (A) CAM Jude Bellingham
89%
Barcelona (A) CAM Jude Bellingham
89%
Rayo (H) CAM Jude Bellingham
89%
Cadiz (A) CAM Jude Bellingham
89%
Granada (H) CM Jude Bellingham
89%
Real Betis (A) LM Jude Bellingham
89%
Villarreal (H) LM Jude Bellingham
89%
Alaves (A) LM Jude Bellingham
89%
Mallorca (H) CAM Jude Bellingham
89%
Getafe (A) CM Jude Bellingham
89%
Almeria (H) CAM Jude Bellingham
89%
Atletico Madrid (H) LM Jude Bellingham
89%
Girona (H) CAM Jude Bellingham
89%
Valencia (A) CAM Jude Bellingham
89%
Athletic Club (H) CM Jude Bellingham
89%
Mallorca (A) CAM Jude Bellingham
89%
Barcelona (H) CAM Jude Bellingham
89%
Alaves (H) CAM Jude Bellingham
89%
Real Betis (H) CAM Jude Bellingham
89%
Getafe (H) CM Luka Modric
89%
Atletico Madrid (A) CAM Luka Modric
89%
Osasuna (H) CM Luka Modric
89%
Rayo (H) CM Luka Modric
89%
Cadiz (A) CAM Luka Modric
89%
Real Betis (A) CAM Luka Modric
89%
Villarreal (H) CAM Luka Modric
89%
Alaves (A) CAM Luka Modric
89%
Mallorca (H) CM Luka Modric
89%
Getafe (A) CM Luka Modric
89%
Rayo (A) CAM Luka Modric
89%
Celta Vigo (H) CM Luka Modric
89%
Barcelona (H) CM Luka Modric
89%
Real Sociedad (A) CM Luka Modric
89%
Cadiz (H) CM Luka Modric
89%
Granada (A) CM Luka Modric
89%
Villarreal (A) CM Luka Modric
89%
Athletic Bilbao (A) ST Rodrygo
89%
Almeria (A) ST Rodrygo
89%
Celta Vigo (A) ST Rodrygo
89%
Getafe (H) ST Rodrygo
89%
Real Sociedad (H) ST Rodrygo
89%
Atletico Madrid (A) ST Rodrygo
89%
Las Palmas (H) ST Rodrygo
89%
Sevilla (A) ST Rodrygo
89%
Barcelona (A) ST Rodrygo
89%
Valencia (H) ST Rodrygo
89%
Cadiz (A) ST Rodrygo
89%
Granada (H) LW Rodrygo
89%
Real Betis (A) ST Rodrygo
89%
Villarreal (H) ST Rodrygo
89%
Alaves (A) ST Rodrygo
89%
Mallorca (H) ST Rodrygo
89%
Almeria (H) ST Rodrygo
89%
Las Palmas (A) ST Rodrygo
89%
Atletico Madrid (H) ST Rodrygo
89%
Girona (H) ST Rodrygo
89%
Sevilla (H) ST Rodrygo
89%
Valencia (A) ST Rodrygo
89%
Celta Vigo (H) ST Rodrygo
89%
Osasuna (A) ST Rodrygo
89%
Athletic Club (H) ST Rodrygo
89%
Barcelona (H) ST Rodrygo
89%
Alaves (H) ST Rodrygo
89%
Real Betis (H) ST Rodrygo
89%
Athletic Bilbao (A) CB Eder Militao
84%
Real Sociedad (A) CB Eder Militao
84%
Cadiz (H) CB Eder Militao
84%
Granada (A) CB Eder Militao
84%
Alaves (H) CB Eder Militao
84%
Villarreal (A) CB Eder Militao
84%
Athletic Bilbao (A) CM Fede Valverde
84%
Almeria (A) CM Fede Valverde
84%
Celta Vigo (A) CM Fede Valverde
84%
Real Sociedad (H) CM Fede Valverde
84%
Atletico Madrid (A) CM Fede Valverde
84%
Las Palmas (H) CM Fede Valverde
84%
Girona (A) CM Fede Valverde
84%
Osasuna (H) CM Fede Valverde
84%
Sevilla (A) CM Fede Valverde
84%
Barcelona (A) CM Fede Valverde
84%
Rayo (H) CM Fede Valverde
84%
Valencia (H) CM Fede Valverde
84%
Cadiz (A) CM Fede Valverde
84%
Granada (H) CM Fede Valverde
84%
Real Betis (A) CM Fede Valverde
84%
Villarreal (H) CM Fede Valverde
84%
Alaves (A) CM Fede Valverde
84%
Mallorca (H) CM Fede Valverde
84%
Getafe (A) RW Fede Valverde
84%
Almeria (H) CM Fede Valverde
84%
Atletico Madrid (H) CM Fede Valverde
84%
Girona (H) CM Fede Valverde
84%
Rayo (A) CM Fede Valverde
84%
Sevilla (H) CM Fede Valverde
84%
Valencia (A) CM Fede Valverde
84%
Celta Vigo (H) CM Fede Valverde
84%
Osasuna (A) CM Fede Valverde
84%
Athletic Club (H) CM Fede Valverde
84%
Mallorca (A) CAM Fede Valverde
84%
Barcelona (H) CDM Fede Valverde
84%
Alaves (H) CM Fede Valverde
84%
Villarreal (A) CM Fede Valverde
84%
Real Betis (H) CAM Fede Valverde
84%
Las Palmas (H) RB Nacho
84%
Girona (A) CB Nacho
84%
Valencia (H) CB Nacho
84%
Cadiz (A) CB Nacho
84%
Alaves (A) CB Nacho
84%
Getafe (A) CB Nacho
84%
Almeria (H) CB Nacho
84%
Las Palmas (A) CB Nacho
84%
Atletico Madrid (H) CB Nacho
84%
Rayo (A) CB Nacho
84%
Sevilla (H) CB Nacho
84%
Celta Vigo (H) CB Nacho
84%
Athletic Club (H) CB Nacho
84%
Mallorca (A) CB Nacho
84%
Real Sociedad (A) CB Nacho
84%
Cadiz (H) CB Nacho
84%
Alaves (H) CB Nacho
84%
Real Betis (H) CB Nacho
84%
Las Palmas (H) CAM Brahim Diaz
79%
Valencia (H) CAM Brahim Diaz
79%
Granada (H) RW Brahim Diaz
79%
Real Betis (A) RM Brahim Diaz
79%
Villarreal (H) RM Brahim Diaz
79%
Alaves (A) RM Brahim Diaz
79%
Las Palmas (A) CAM Brahim Diaz
79%
Atletico Madrid (H) RM Brahim Diaz
79%
Rayo (A) RW Brahim Diaz
79%
Sevilla (H) RW Brahim Diaz
79%
Celta Vigo (H) CAM Brahim Diaz
79%
Osasuna (A) CAM Brahim Diaz
79%
Athletic Club (H) CAM Brahim Diaz
79%
Mallorca (A) CAM Brahim Diaz
79%
Real Sociedad (A) CAM Brahim Diaz
79%
Cadiz (H) LW Brahim Diaz
79%
Granada (A) LW Brahim Diaz
79%
Villarreal (A) LW Brahim Diaz
79%
Getafe (H) ST Joselu
74%
Real Sociedad (H) ST Joselu
74%
Las Palmas (H) ST Joselu
74%
Girona (A) ST Joselu
74%
Osasuna (H) ST Joselu
74%
Rayo (H) ST Joselu
74%
Cadiz (A) ST Joselu
74%
Granada (H) ST Joselu
74%
Getafe (A) ST Joselu
74%
Rayo (A) ST Joselu
74%
Mallorca (A) ST Joselu
74%
Real Sociedad (A) ST Joselu
74%
Cadiz (H) ST Joselu
74%
Granada (A) ST Joselu
74%
Villarreal (A) ST Joselu
74%
Atletico Madrid (A) RB Lucas Vazquez
74%
Real Betis (A) RB Lucas Vazquez
74%
Villarreal (H) RB Lucas Vazquez
74%
Alaves (A) RB Lucas Vazquez
74%
Getafe (A) RB Lucas Vazquez
74%
Atletico Madrid (H) RB Lucas Vazquez
74%
Girona (H) RB Lucas Vazquez
74%
Rayo (A) RB Lucas Vazquez
74%
Sevilla (H) RB Lucas Vazquez
74%
Celta Vigo (H) RB Lucas Vazquez
74%
Mallorca (A) RB Lucas Vazquez
74%
Barcelona (H) RB Lucas Vazquez
74%
Granada (A) RB Lucas Vazquez
74%
Villarreal (A) RB Lucas Vazquez
74%
Athletic Bilbao (A) ST Vinicius Jr
74%
Almeria (A) ST Vinicius Jr
74%
Athletic Bilbao (A) LB Fran Garcia
68%
Almeria (A) LB Fran Garcia
68%
Celta Vigo (A) LB Fran Garcia
68%
Getafe (H) LB Fran Garcia
68%
Real Sociedad (H) LB Fran Garcia
68%
Atletico Madrid (A) LB Fran Garcia
68%
Rayo (H) LB Fran Garcia
68%
Alaves (A) LB Fran Garcia
68%
Mallorca (H) LB Fran Garcia
68%
Las Palmas (A) LB Fran Garcia
68%
Rayo (A) LB Fran Garcia
68%
Real Sociedad (A) LB Fran Garcia
68%
Cadiz (H) LB Fran Garcia
68%
Granada (A) LB Fran Garcia
68%
Villarreal (A) LB Fran Garcia
68%
Celta Vigo (A) GK Kepa
63%
Getafe (H) GK Kepa
63%
Real Sociedad (H) GK Kepa
63%
Atletico Madrid (A) GK Kepa
63%
Las Palmas (H) GK Kepa
63%
Girona (A) GK Kepa
63%
Osasuna (H) GK Kepa
63%
Sevilla (A) GK Kepa
63%
Barcelona (A) GK Kepa
63%
Rayo (H) GK Kepa
63%
Alaves (A) GK Kepa
63%
Almeria (H) GK Kepa
63%
Real Sociedad (A) GK Kepa
63%
Real Sociedad (A) CAM Arda Guler
58%
Cadiz (H) RW Arda Guler
58%
Granada (A) RW Arda Guler
58%
Villarreal (A) RW Arda Guler
58%
Las Palmas (A) CM Dani Ceballos
58%
Real Sociedad (A) CAM Dani Ceballos
58%
Cadiz (H) CM Dani Ceballos
58%
Granada (A) CM Dani Ceballos
58%
Villarreal (A) CM Dani Ceballos
58%
No matching quizzes found
Score Distribution
Percent of People with Each Score
Percentile by Number Answered
Your Score History
You have not taken this quiz